Algeria : 2018 Article IV Consultation-Press Release; Staff Report; and Statement by the Executive Director for Algeria.

This 2018 Article IV Consultation highlights the important challenges Algeria continues to face as a result of the fall in oil prices four years ago. Despite sizable fiscal consolidation in 2017, the fiscal and current account deficits remain large. Real GDP growth slowed sharply, driven mainly by a...

Fuld beskrivelse

Bibliografiske detaljer
Institution som forfatter: International Monetary Fund. Middle East and Central Asia Dept
Format: Tidsskrift
Sprog:English
Udgivet: Washington, D.C. : International Monetary Fund, 2018.
Serier:IMF Staff Country Reports; Country Report ; No. 2018/168
Online adgang:Full text available on IMF
LEADER 02010cas a2200253 a 4500
001 AALejournalIMF018652
008 230101c9999 xx r poo 0 0eng d
020 |c 5.00 USD 
020 |z 9781484367674 
022 |a 1934-76851 
040 |a BD-DhAAL  |c BD-DhAAL 
110 2 |a International Monetary Fund.  |b Middle East and Central Asia Dept. 
240 1 0 |a Algeria: 2018 Article IV Consultation-Press Release; Staff Report; and Statement by the Executive Director for Algeria.  |l French 
245 1 0 |a Algeria :   |b 2018 Article IV Consultation-Press Release; Staff Report; and Statement by the Executive Director for Algeria. 
264 1 |a Washington, D.C. :  |b International Monetary Fund,  |c 2018. 
300 |a 1 online resource (83 pages) 
490 1 |a IMF Staff Country Reports 
500 |a <strong>Off-Campus Access:</strong> No User ID or Password Required 
500 |a <strong>On-Campus Access:</strong> No User ID or Password Required 
506 |a Electronic access restricted to authorized BRAC University faculty, staff and students 
520 3 |a This 2018 Article IV Consultation highlights the important challenges Algeria continues to face as a result of the fall in oil prices four years ago. Despite sizable fiscal consolidation in 2017, the fiscal and current account deficits remain large. Real GDP growth slowed sharply, driven mainly by a contraction in hydrocarbon production, although growth in the nonhydrocarbon sector was stable. Unemployment increased to 11.7 percent in September 2017 from 10.5 in September 2016 and remains particularly high among youth and women. Average inflation declined from 6.4 percent in 2016 to 5.6 percent owing to slowing inflation for manufactured goods and services, and stood at 3.4 percent year over year in April 2018. 
538 |a Mode of access: Internet 
830 0 |a IMF Staff Country Reports; Country Report ;  |v No. 2018/168 
856 4 0 |z Full text available on IMF  |u http://elibrary.imf.org/view/journals/002/2018/168/002.2018.issue-168-fr.xml  |z IMF e-Library